00520nam a2200157Ia 450000500170000000800410001708200230005810000200008124500170010126000400011830000160015850000680017494200060024295200990024899900150034720250312014947.0240331s9999 xx 000 0 und d bVEN23508a894.811 aVenkatram, M. V 0aNithya Kanni aChennai,bVanathi Pathippagamc1994 axv, 195 p., aThe story of the eternal virgin, Madhavi, from the Mahabharata. cL 001040708LaWERCLbWERCLcSSCd2024-03-31l0o 894.811 VENp3508r2024-03-31w2024-03-31yL c4231d4231